Die nächsten Seen von München aus - Statistiken

Allgemein
  • Dieses Quiz wurde 232 mal gespielt
    213 seit der letzten Aktualisierung
  • Das Durchschnittsergebnis liegt bei 5 aus 7
Antwortstatistiken
Hint Antwort % Korrekt
21 km Starnberger See
94%
87 km Chiemsee
91%
38 km Ammersee
82%
52 km Tegernsee
70%
209 km Bodensee
66%
84 km Walchensee
35%
74 km Kochelsee
34%
Keine übereinstimmenden Quizze gefunden
Verteilung der Resultate
Anzahl Personen mit jedem Resultat
Perzentil nach korrekt beantworteten Fragen
Ihre Resultats-Entwicklung
Sie haben dieses Quiz seit der letzten Aktualisierung nicht gespielt